Шайбы стопорные с лапкой и носком. Конструкция и размеры; ГОСТ 13463-77 Шайбы стопорные с лапкой. Конструкция и размеры; ГОСТ 13464-77 Шайбы стопорные с лапкой уменьшенные. Конструкция и размеры; ГОСТ 13465-77 Шайбы стопорные с носком. Конструкция и размеры; ГОСТ 13466-77 Шайбы стопорные с носком уменьшенные. Конструкция и размеры

Λεπτομέρειες βιβλιογραφικής εγγραφής
Συγγραφή απο Οργανισμό/Αρχή: СССР Государственный комитет стандартов (Госстандарт)
Γλώσσα:Ρωσικά
Έκδοση: Москва, Изд-во стандартов, 1977
Έκδοση:Изд. офиц.
TOC:ГОСТ 13463-77 Шайбы стопорные с лапкой. Конструкция и размеры;
ГОСТ 13464-77 Шайбы стопорные с лапкой уменьшенные. Конструкция и размеры;
ГОСТ 13465-77 Шайбы стопорные с носком. Конструкция и размеры;
ГОСТ 13466-77 Шайбы стопорные с носком уменьшенные. Конструкция и размеры;
Σειρά:Государственные стандарты
Θέματα:
Μορφή: Βιβλίο
KOHA link:https://koha.lib.tpu.ru/cgi-bin/koha/opac-detail.pl?biblionumber=153874

MARC

LEADER 00000nam0a2200000 4500
001 153874
005 20231031151608.0
035 |a (RuTPU)RU\TPU\book\166919 
035 |a RU\TPU\book\166918 
090 |a 153874 
100 |a 20090217d1977 km y0rusy50 ca 
101 0 |a rus 
102 |a RU 
105 |a a l 000zy 
200 1 |a Шайбы стопорные с лапкой и носком. Конструкция и размеры 
205 |a Изд. офиц. 
210 |a Москва  |c Изд-во стандартов  |d 1977 
215 |a 24 с.  |c ил. 
225 1 |a Государственные стандарты 
464 |t ГОСТ 13463-77 Шайбы стопорные с лапкой. Конструкция и размеры 
464 |t ГОСТ 13464-77 Шайбы стопорные с лапкой уменьшенные. Конструкция и размеры 
464 |t ГОСТ 13465-77 Шайбы стопорные с носком. Конструкция и размеры 
464 |t ГОСТ 13466-77 Шайбы стопорные с носком уменьшенные. Конструкция и размеры 
610 1 |a ГОСТы 
610 1 |a стандарты 
610 1 |a шайбы 
610 1 |a конструкция 
610 1 |a размеры 
712 0 1 |a СССР  |b Государственный комитет стандартов (Госстандарт)  |c (1970-1978)  |2 stltpush  |3 (RuTPU)RU\TPU\col\4389 
801 2 |a RU  |b 63413507  |c 20221208  |g PSBO 
942 |c BK